| 000 -ლიდერი |
| ფიქსირებული სიგრძის საკონტროლო ველი |
01156nam a22002297a 4500 |
| 003 - საკონტროლო ნომრის იდენტიფიკატორი |
| საკონტროლო ველი |
Ge_BSU |
| 005 - ბოლო ოპერაციის თარიღი და დრო |
| საკონტროლო ველი |
20241113114039.0 |
| 008 - ფიქსირებული სიგრძის მონაცემთა ელემენტები - ზოგადი ინფორმაცია |
| ფიქსირებული სიგრძის საკონტროლო ველი |
241113s1971 ge ||||| |||| 00| 0 geo d |
| 041 ## - ენის კოდი |
| Language code of text/sound track or separate title |
geo |
| 080 ## - უნივერსალური ათობითი კლასიფიკაციის ინდექსი |
| Universal Decimal Classification number |
611(075.3):612(075.3):613(075.3 ც-89 |
| 100 ## - მთავარი ჩანაწერი - პიროვნების სახელი |
| Personal name |
ცუზმერი, ა.მ. |
| 9 (RLIN) |
23674 |
| 245 ## - ცნობა სათაურის შესახებ |
| Title |
ადამიანი. ანატომია. ფიზიოლოგია. ჰიგიენა : |
| Remainder of title |
საშ. სკ. მე-8 კლ. სახელმძღვ. / |
| Statement of responsibility, etc |
ა.მ. ცუზმერი, ო.ლ. პეტრიშინა, ვ. პარინის რედ. |
| 250 ## - გამოცემის ცნობა |
| Edition statement |
მესამე გამოცემა |
| 264 ## - წარმოების, გამოცემის, დისტრიბუციის და სხვა ცნობები |
| გამოცემის, წარმოების, დისტრიბუციის... ადგილი |
თბილისი : |
| გამოცემის, წარმოების, დისტრიბუციის... სახელწოდება |
განათლება, |
| გამოცემის, წარმოების, დისტრიბუციის... თარიღი |
1971. |
| 300 ## - ფიზიკური აღწერა |
| Extent |
301 გვ.: |
| Other physical details |
ილ; |
| Dimensions |
21სმ. |
| 653 ## - INDEX TERM--UNCONTROLLED |
| Uncontrolled term |
ადამიანის ანატომია. |
| 653 ## - INDEX TERM--UNCONTROLLED |
| Uncontrolled term |
ადამიანის ფიზიოლოგია. |
| 653 ## - INDEX TERM--UNCONTROLLED |
| Uncontrolled term |
ადამიანის ჰიგიენა. |
| 700 ## - ADDED ENTRY--PERSONAL NAME |
| Personal name |
პეტრიშინა, ო.ლ |
| 9 (RLIN) |
23675 |
| 700 ## - ADDED ENTRY--PERSONAL NAME |
| Personal name |
პარინი, ვ.ვ. |
| Fuller form of name |
რედაქციით |
| 9 (RLIN) |
23676 |
| 942 ## - ADDED ENTRY ELEMENTS (KOHA) |
| Source of classification or shelving scheme |
|
| Koha item type |
წიგნი |